| 000 | 00982nmc a2200349 a 4500 | ||
|---|---|---|---|
| 003 | AR-BaBNM | ||
| 005 | 20251128204330.0 | ||
| 008 | 015119s1970 ||||||||||||||000 | spa|| | ||
| 040 | _cAR-BaBNM | ||
| 245 | 1 | 0 | _aLa enseñanza de la filosofía |
| 250 | _a1ª ed. | ||
| 260 |
_aBuenos Aires _bEstrada _c1970 |
||
| 300 | _a138 p. | ||
| 490 | 0 | _aBiblioteca de ciencias de la educación | |
| 500 | _aContiene prólogo del compilador | ||
| 500 | _aLista de títulos de la colección | ||
| 504 | _aBibliografía | ||
| 650 | 4 | _aFILOSOFIA | |
| 650 | 4 | _aENSENANZA DE LA CIENCIA | |
| 650 | 4 | _aTECNICAS DIDACTICAS | |
| 650 | 4 | _aMATERIAL DIDACTICO | |
| 650 | 4 | _aLOGICA | |
| 650 | 4 | _aMETODOLOGIA | |
| 650 | 4 | _aTEORIAS DE LA EDUCACION | |
| 653 | _aEDUCACION SECUNDARIA | ||
| 653 | _aMETODOS EDUCATIVOS | ||
| 700 | 1 |
_aFernández, Coriolano _ecompilador |
|
| 700 | 1 |
_aIsola, Emma _etraductor |
|
| 800 | 1 |
_aZanotti, Luis Jorge _edirector |
|
| 942 | _cBK | ||
| 998 | _cMARTIN | ||
| 999 |
_c7056 _d7056 |
||